| 000 | 00564nam a2200121Ia 4500 | ||
|---|---|---|---|
| 008 | 220615s9999||||xx |||||||||||||| ||und|| | ||
| 100 | _aJean Francois, Emmanuel||Schmidt-Lauff, Sabine | ||
| 245 | 0 | _aChapter Facilitating Comparative Group Work in Adult Education | |
| 546 | _aEnglish[eng] | ||
| 650 | _aandragogy||learner-centered facilitation||comparative education||transnational comparison||outcomes-based teaching and learning||team-based teaching||adult education | ||
| 856 | _uhttps://library.oapen.org/bitstream/20.500.12657/56168/1/14710.pdf | ||
| 942 | _cEB | ||
| 999 |
_c11565 _d11565 |
||